Normal view
MARC view
- W. h. macaulay, m.a
Entry Personal Name
001 - CONTROL NUMBER
- control field: 39375
003 - CONTROL NUMBER IDENTIFIER
- control field: NUST
005 - DATE AND TIME OF LATEST TRANSACTION
- control field: 20210314131424.0
008 - FIXED-LENGTH DATA ELEMENTS
- fixed length control field: 210314|| aca||aabn | a|a d
040 ## - CATALOGING SOURCE
- Original cataloging agency: NUST
- Transcribing agency: NUST
100 ## - HEADING--PERSONAL NAME
- Personal name: W. h. macaulay, m.a
670 ## - SOURCE DATA FOUND
- Source citation: Work cat.: (NUST): W. h. macaulay, m.a., Solid geometry, c1930.
